00521nam a2200181 a 45000010010000000030011000100080041000210350026000620820014000881000019001022450031001212600032001526500019001849420012002039520089002159980020003049990015003240000-9319ELIB.Books110520 1965  a(ELIB.Books)0000-9471 a248 bHil aHillis, Don W. aWhen God Calls the Signals bChicago: Moody Press c1965 aChristian Life 2ddccBK 00102ddc4070aKBTSbKBTSd2011-05-20l0p356r2022-01-22 00:00:00w2022-01-22yBK cbate2011-05-20 c9319d9319